Finanční účetnictví mlýnů /

Hlavní autor: Novotný, Ladislav
Jazyk: Čeština
Vydáno: Praha : Zvelebovací družstvo mlýnů v ČSR, 1948
Edice: Knihovna Zvelebovacího družstva mlýnů v ČSR
Fyzický popis: 173, [II] s. ; 8°
Knihy
Uloženo v:
LEADER 00842nam a22002412a 4500
001 001696354
003 CZ BrMZK
005 20230823090941.0
007 ta
008 190723s1948 xr er|||||||||||cze d
015 |a cnb000711993 
035 |a (OCoLC)85430503 
040 |a ABA001  |b cze  |c PNA001  |d ABA001 
100 1 |a Novotný, Ladislav  |4 aut  |4 com 
245 1 0 |a Finanční účetnictví mlýnů /  |c napsal a sestavil Ing. Ladislav Novotný 
260 |a Praha :  |b Zvelebovací družstvo mlýnů v ČSR,  |c 1948 
300 |a 173, [II] s. ;  |c 8° 
490 1 |a Knihovna Zvelebovacího družstva mlýnů v ČSR ;  |v Čís. 2 
830 0 |a Knihovna Zvelebovacího družstva mlýnů v ČSR 
910 |a BOA001  |b 2-0211.895 
990 |a BK 
991 |b 201907 
996 6 |b 2618762086  |c 2-0211.895  |l MZK  |r Sklad / do 24 hodin  |n 0  |w 001743227  |u 000010  |a 1  |e BOA001  |j MZK50  |s P